000 00441nam a2200169Ia 4500
003 GCL
008 140319s9999 xx 000 0 ara d
040 _aGCL /
_cGCL
082 0 4 _a813.01
_bص د
100 1 _aصبرى العسكرى
245 1 0 _aدنيا غير الدنيا /
_cصبرى العسكرى
300 _a147 ص
490 _a
650 0 4 _aالادب العربى
650 0 4 _aالقصص القصيرة
942 _2ddc
_cBK
999 _c38185
_d38185